000 00465nam a2200181 i 4500
001 bg
100 1 _aKINDLER, Heinrich
245 0 _aZadania z techniki regulacji automatycznej /
_cH. Kindler, H. Buhta, H. Wilfert.
250 _aWyd.2 popr.i rozsz.
260 _aWarszawa,
_c1971.
700 1 _aBUCHTA, Helmut
700 1 _aWILFERT, Helmut
040 _cBPK
041 _apol
080 _a62-5
942 _cKS
008 s pl f |000 0 pol
999 _c15978
_d15978
856 _uhttp://koha.tu.koszalin.pl/cgi-bin/koha/opac-detail.pl?biblionumber=15978
_yKatalog online BPK